000 00457nam a2200169 i 4500
001 60361
003 ES-MaACL
005 20240509063053.0
007 t|
008 031104s1970 sp ||||1| spa d
100 1 _aEspriu, Salvador,
_d1913-1985
_947947
245 1 0 _aLaia /
_cSalvador Espriu.
260 _aBarcelona :
_bPolĂ­grafa,
_c[1970]
300 _a199 p. ;
_c21 cm.
852 _aES-MaACL
_jC-40119
_bR.79821
999 _c60361
_d60361